Abus de cocaine et santé

Wedi'i Gadw mewn:
Manylion Llyfryddiaeth
Prif Awdur: A Arif
Fformat: Llyfr
Iaith:Undetermined
Cyhoeddwyd: Genève OMS 1987
Pynciau:
Tagiau: Ychwanegu Tag
Dim Tagiau, Byddwch y cyntaf i dagio'r cofnod hwn!
Thư viện lưu trữ: Trung tâm Học liệu Trường Đại học Cần Thơ
LEADER 00471nam a2200181Ia 4500
001 CTU_34740
008 210402s9999 xx 000 0 und d
082 |a 613.83 
082 |b A698 
100 |a A Arif 
245 0 |a Abus de cocaine et santé 
245 2 |c A Arif 
260 |a Genève 
260 |b OMS 
260 |c 1987 
650 |a narcotic, control of 
904 |i Nguyễn Quang Điền, 991224 
980 |a Trung tâm Học liệu Trường Đại học Cần Thơ